000 00313nam a22001337a 4500
008 170602b xxu||||| |||| 00| 0 eng d
020 _a9780669249941
041 _aeng
080 _a94(4)
100 _a17
101 _aSHH
245 _aTRANSFORMATION AND REVOLUTION 1945-1991
_cLEGTERS,L.H
942 _2udc
_cBK
999 _c15732
_d15732